[Event "GER-chT U16"]
[Site "Magdeburg"]
[Date "2023.12.30"]
[Round "7.10"]
[White "Yue, Qihang"]
[Black "Laux, Filip"]
[Result "0-1"]
[WhiteElo "1433"]
[BlackElo "1589"]
[PlyCount "116"]
[EventDate "2023.12.26"]
[EventType "team-swiss"]
[EventRounds "7"]
[EventCountry "GER"]
[SourceTitle "CB03_2024"]
[SourceDate "2024.01.17"]
[SourceVersion "1"]
[SourceVersionDate "2024.01.17"]
[SourceQuality "1"]
[WhiteTeam "Ingelheim"]
[BlackTeam "Offenbach"]
[WhiteTeamCountry "GER"]
[BlackTeamCountry "GER"]

1. e4 c6 2. d4 d5 3. f3 dxe4 4. fxe4 e6 5. Nf3 c5 6. d5 exd5 7. exd5 Nf6 8. Bc4 Bd6 9. 0-0 0-0 10. Nc3 a6 11. a4 h6 12. Be3 Bg4 13. Qd2 Bf5 14. Nh4 Bh7 15. Nf5 Ng4 16. Nxd6 Nxe3 17. Qxe3 Qxd6 18. Ne4 Qe5 19. Rae1 Nd7 20. Rf2 Rae8 21. Rfe2 Qxb2 22. Qd2 Bxe4 23. Rxe4 Rxe4 24. Rxe4 Qa1+ 25. Re1 Qxa4 26. Qc3 Nb6 27. Re4 Qd7 28. Qd3 Rd8 29. Bb3 Nxd5 30. Bxd5 c4 31. Qxc4 Qxd5 32. Re8+ Kh7 33. Qe2 Rxe8 34. Qxe8 Qd1+ 35. Kf2 Qxc2+ 36. Kg3 Qc7+ 37. Kf2 b5 38. Qa8 a5 39. Qe4+ g6 40. h4 Qc5+ 41. Kg3 b4 42. Qe8 Kg7 43. Qa4 Qc3+ 44. Kh2 b3 45. Qa3 Qe5+ 46. Kh3 b2 47. Qa2 Qe6+ 48. Qxe6 fxe6 49. g4 b1Q 50. g5 h5 51. Kg3 Qe4 52. Kf2 a4 53. Kg3 a3 54. Kf2 a2 55. Kg3 a1Q 56. Kh2 Qc3 57. Kg1 Qec2 58. Kh1 Qa1# 0-1

[Event "Heusenstamm Sparkassen op U14 6th"]
[Site "Heusenstamm"]
[Date "2019.11.24"]
[Round "7"]
[White "Yue, Qihang"]
[Black "Zhao, Yunsheng"]
[Result "1-0"]
[WhiteElo "1376"]
[BlackElo "1145"]
[PlyCount "97"]
[EventDate "2019.11.21"]
[EventType "swiss"]
[EventRounds "7"]
[EventCountry "GER"]
[SourceTitle "CBM 194 Extra"]
[Source "ChessBase"]
[SourceDate "2020.03.31"]
[SourceVersion "1"]
[SourceVersionDate "2020.03.31"]
[SourceQuality "1"]

1. d4 d5 2. Nf3 Nf6 3. e3 Bf5 4. Bd3 Bd7 5. 0-0 Nc6 6. Nbd2 e6 7. Re1 Bd6 8. e4 dxe4 9. Nxe4 0-0 10. Bg5 Be7 11. Nxf6+ Bxf6 12. Bxf6 Qxf6 13. c3 Rfe8 14. Qe2 Rad8 15. Qe4 a6 16. Qxh7+ Kf8 17. Qe4 a5 18. Re3 Ke7 19. d5 Na7 20. Qc4 Rc8 21. Qc5+ Kd8 22. Qxa7 b6 23. Qa6 exd5 24. Rxe8+ Bxe8 25. Re1 Bc6 26. Bc2 Ra8 27. Qe2 Kc8 28. Ne5 Bb7 29. Qg4+ Qe6 30. Bf5 Qxf5 31. Qxf5+ Kb8 32. Qxf7 Ka7 33. Qxc7 Rc8 34. Qxg7 Re8 35. Nc6+ Ka6 36. Rxe8 Bxc6 37. Re6 Kb5 38. Qf6 Bd7 39. Rxb6+ Kc4 40. Rd6 Ba4 41. b3+ Bxb3 42. axb3+ Kxb3 43. Rxd5 a4 44. Qb6+ Kxc3 45. Rc5+ Kd3 46. Qd6+ Ke4 47. Re5+ Kf4 48. h3 a3 49. Qf6# 1-0